000 00549nam a2200229Ia 4500
003 OSt
005 20221005124117.0
006 a|||||r|||| 00| 0
007 ta
008 221004b |||||||| |||| 00| 0 guj d
024 _a46500
037 _cTextual
040 _aCRL
_cCRL
_bguj
041 _2guj
_aguj
082 _aO156,3:g, K5
100 _aAdharviyoo
_9634719
245 0 _aMayalok
260 _c1956
650 _aGUJRATI LITERATURE
942 _hO156,3:g, K5
_cTEXL
_2cc
999 _c1049496
_d1049496